LIBRARY & INFORMATION CENTRE, KCAET, TAVANUR

ONLINE PUBLIC ACCESS CATALOGUE (OPAC)

Guide / (Record no. 6026)

MARC details
000 -LEADER
fixed length control field 00353cam a2200145ua 4500
041 ## - LANGUAGE CODE
Language code of text/sound track or separate title eng
082 ## - DEWEY DECIMAL CLASSIFICATION NUMBER
Classification number 823.308
Item number NAR/GU
100 ## - MAIN ENTRY--AUTHOR NAME
Personal name Narayanan, R K .
245 ## - TITLE STATEMENT
Title Guide /
260 ## - PUBLICATION, DISTRIBUTION, ETC. (IMPRINT)
Place of publication Mysore :
Name of publisher Indian Thought Publications ,
Year of publication 1966.
300 ## - PHYSICAL DESCRIPTION
Number of Pages 221 ; .
942 ## - ADDED ENTRY ELEMENTS (KOHA)
Koha item type Books
Holdings
Withdrawn status Lost status Damaged status Home library Current library Date acquired Full call number Accession Number Koha item type
Withdrawn     KAUAET KAUAET 07/04/2012 823.308 8815 Books
Withdrawn     KAUAET KAUAET 16/11/2023 823.308 NAR/GU 13003 Books
free website counter